00228nam a2200097Ia 4500008004100000082000800041100001800049245004200067942000600109999001500115240331s9999 xx 000 0 und d bWIJ aWijesekera, N 0aContacts and conflicts with Sri Lanka cL c2549d2549